| 000 | 00854nam a2200205 a 4500 | ||
|---|---|---|---|
| 001 | 000047767 | ||
| 005 | 20201002060726.0 | ||
| 008 | 180417s2018 dr ac 000 0 spa d | ||
| 020 | _a9789945125191 | ||
| 040 |
_aDO-SdBNP _bspa _cBNPHU |
||
| 082 |
_axxxx _bR457cien |
||
| 100 | 1 |
_aReyes Báez, Yanett _974890 |
|
| 245 | 1 | 0 |
_aCiencias de la naturaleza biología 4 : _bnivel secundario / _cYanett Reyes Báez ; ilustraciones Julio C. Martínez. |
| 260 |
_aSanto Domingo : _bSusaeta Ediciones, _c2018. |
||
| 300 |
_a388 p. : _bil., retrs. ; _c29 cm. |
||
| 504 | _aBibliografía : p. 388 | ||
| 505 | 0 |
_aLa célula: componente fundamental de los seres vivos -- _tRevoloción genética -- _tOrigen de la vida y evolución -- _tBiología humana -- _tLa dinámica de los ecosistemas. |
|
| 590 | _aInventariado, 2018/LP | ||
| 700 | 1 |
_aMartínez, Julio C. _eils. _975362 |
|
| 999 |
_c47255 _d47255 |
||